Defining issues in english language teaching

Wedi'i Gadw mewn:
Manylion Llyfryddiaeth
Prif Awdur: Widdowson, H. G (Awdur)
Fformat: Llyfr
Iaith:Saesneg
Cyhoeddwyd: Oxford Oxford University 2003
Rhifyn:1a. ed
Cyfres:Oxford Applied Linguistics
Pynciau:
Tagiau: Ychwanegu Tag
Dim Tagiau, Byddwch y cyntaf i dagio'r cofnod hwn!

MARC

LEADER 00000nam a2200000 a 4500
001 UCK4493
003 CL-VaPUC
008 050610e20030000UK |||||||||||||||||eng|d
020 |a 0194374459 
082 0 4 |a 428  |b WID  |2 21 
100 0 |a Widdowson, H. G  |e author  |9 492999 
245 1 0 |a Defining issues in english language teaching 
250 |a 1a. ed 
300 |a 193 p 
942 |c BK 
945 |d 20050610 00:00:00  |a cmena 
260 |a Oxford  |b Oxford University  |c 2003 
650 0 |a Enseñanza del inglés  |9 367340 
650 0 |a Educación lingüística  |9 306506 
650 0 |a Métodos de enseñanza  |9 270413 
650 0 |a Planificación del currículo  |9 269599 
583 |a last modification  |c 20050610 00:00:00  |k Rodrigo Vera 
490 0 |a Oxford Applied Linguistics 
999 |c 313326  |d 313324 
952 |0 0  |1 0  |4 0  |6 428_000000000000000_WID_2003  |7 0  |8 A  |9 384600  |a FDOPOS  |b FDOPOS  |d 2019-11-22  |i 4137485  |o 428 WID 2003  |p 4137485  |r 2025-01-22  |w 2019-11-22  |y BK  |k MLA